00925nam a2200217 a 450000100100000000500170001000800410002704000250006808200200009310000270011324500420014026000470018230000240022950501620025359000260041565000400044165000420048191000380052395201290056199900170069000001134420200929162426.0091016s1941 dr a 000 p spa d aDO-SdBNPbspacBNPHU aRD861.42bP879e1 aPoveda, Jesús92694810aEnsayos literarios /cJesús Poveda. aSanto Domingo :bImprenta Rincón,c1941. av. :bil. ;c23 cm.0 gv.1tSilueta lírica del poeta Federico García Lorca --tEl tema de la muerte en la poesía de García Lorca --tVicente Aleixandre, poeta de la tierra. aInventariado, 2018/LP 4aPoesía españolaySIGLO XX99197 4aLiteratura españolaySIGLO XX93326 aValidado. Control de calidad MFFF 0010718PDaPDbPDcHDd2009-10-16iLF1l0oRD861.42 P879ep11344-10r2020-06-25w2020-06-25yLFPDzDedicado.ZNo se presta c11051d11051